| 000 | 00844nam a22002297a 4500 | ||
|---|---|---|---|
| 005 | 20130403150211.0 | ||
| 010 | _aENG-105336 | ||
| 020 |
_a9780415625852 _c795.00 |
||
| 035 | _aEN-88869 | ||
| 035 | _aB-491655 | ||
| 037 | _bDBAD/PUB | ||
| 037 | _bPrakshan Sansthan/Ven | ||
| 082 | _a230.64 | ||
| 100 | _aHauser, Beatrix | ||
| 245 |
_aPromising rituals : _cedited by Satish Kumar _bgender and perormativity in Eastern India / |
||
| 260 |
_aNew Delhi _bRoutledge _c2012 |
||
| 270 |
_a912 Tolstoy House,15-17 Tolstoy Marg,Cannaught Place, _bNew Delhi _e110001 |
||
| 300 |
_axxi,277p. _c22cm (Hb) _bill |
||
| 500 | _aIncludes bibliographical references and index | ||
| 942 |
_2ddc _cEN _mHAU _h230.64 |
||
| 999 |
_c66966 _d66966 |
||